Textes et travaux progressifs de comprehension Francais
Na minha lista:
| Autor principal: | |
|---|---|
| Formato: | Livro |
| Idioma: | inglês |
| Publicado em: |
Graduke
2009
|
| Tags: |
Adicionar Tag
Sem tags, seja o primeiro a adicionar uma tag!
|
MARC
| LEADER | 00000nam a22000007a 4500 | ||
|---|---|---|---|
| 008 | 231012b |||||||| |||| 00| 0 eng d | ||
| 020 | |a 9780680616 | ||
| 100 | |a ADEBAYO, Aduke | ||
| 245 | |a Textes et travaux progressifs de comprehension Francais |c / Aduke Adebayo |g x, 145p. | ||
| 260 | |b Graduke |c 2009 |h Ibadan |i 691315 |l PC2112.Ad3 |m French language - Study and teaching |m French language - Grammar |m French language - Vocabulary | ||
| 942 | |a lcc |c BK |e A.R.Akinniyi |f 12:10:2023 | ||
| 952 | |0 0 |1 0 |2 lcc |4 0 |6 PC2112 A D3 |7 0 |9 4563 |a HOL |b HOL |c LP |d 2023-10-12 |l 0 |o PC2112.Ad3 |p 2023-0483 |r 2023-10-12 00:00:00 |t 691315 |w 2023-10-12 |y BK | ||
| 999 | |c 2289 |d 2289 | ||